Школа ; (Record no. 522198)
[ view plain ]
| 000 -LEADER | |
|---|---|
| fixed length control field | 00836nam a22002177a 4500 |
| 003 - CONTROL NUMBER IDENTIFIER | |
| control field | AM-YEHGA |
| 005 - DATE AND TIME OF LATEST TRANSACTION | |
| control field | 20250617164340.0 |
| 008 - FIXED-LENGTH DATA ELEMENTS--GENERAL INFORMATION | |
| fixed length control field | 211220bs ||||| |||| 00| 0 rus d |
| 040 ## - CATALOGING SOURCE | |
| Original cataloging agency | AM-YeHGA |
| 041 0# - LANGUAGE CODE | |
| Language code of text/sound track or separate title | rus |
| 001 - CONTROL NUMBER | |
| control field | 1810205 |
| 090 ## - LOCALLY ASSIGNED LC-TYPE CALL NUMBER (OCLC); LOCAL CALL NUMBER (RLIN) | |
| -- | 525788 |
| 100 1# - MAIN ENTRY--PERSONAL NAME | |
| Personal name | Гайдар, Аркадий Петрович. |
| 245 10 - TITLE STATEMENT | |
| Title | Школа ; |
| Remainder of title | Танкер "Дербент" |
| Statement of responsibility, etc. | А. П. Гайдар. Танкер "Дербент" / Ю. Крымов |
| 260 ## - PUBLICATION, DISTRIBUTION, ETC. | |
| Place of publication, distribution, etc. | Москва : |
| Name of publisher, distributor, etc. | Мол. гвардия, |
| Date of publication, distribution, etc. | 1962. |
| 300 ## - PHYSICAL DESCRIPTION | |
| Extent | 431 с., |
| Other physical details | ил. |
| 440 ## - SERIES STATEMENT/ADDED ENTRY--TITLE | |
| Title | Б-ка избранных революционно-романтических произведений советских писателей; |
| Number of part/section of a work | т. 1 |
| 653 0# - INDEX TERM--UNCONTROLLED | |
| Uncontrolled term | Советская литература |
| 740 2# - ADDED ENTRY--UNCONTROLLED RELATED/ANALYTICAL TITLE | |
| Uncontrolled related/analytical title | Танкер "Дербент" |
| 942 ## - ADDED ENTRY ELEMENTS (KOHA) | |
| Source of classification or shelving scheme | Universal Decimal Classification |
| Koha item type | Գրքեր / Books |
| Withdrawn status | Lost status | Source of classification or shelving scheme | Damaged status | Not for loan | Collection | Home library | Current library | Date acquired | Total checkouts | Full call number | Barcode | Date last seen | Price effective from | Koha item type | Public note |
|---|---|---|---|---|---|---|---|---|---|---|---|---|---|---|---|
| Universal Decimal Classification | General | Fundamental Scientific Library | Fundamental Scientific Library | 20/12/2021 | PII/69266 | FL0666731 | 20/12/2021 | 20/12/2021 | Գրքեր / Books | 30 Days Loan |
ՀՀ Գիտությունների ազգային ակադեմիայի հիմնարար գիտական գրադարան = Fundamental Scientific Library of NAS RA
All site content, except where otherwise noted, is licensed under a